| 000 | 00826nam a22002537i 4500 | ||
|---|---|---|---|
| 003 | EG-ScBUE | ||
| 005 | 20220721103008.0 | ||
| 008 | 200219s1948 enkb f 000 0 eng d | ||
| 040 |
_aEG-ScBUE _beng _erda _cEG-ScBUE _dEG-ScBUE |
||
| 082 | 0 | 4 |
_222 _a940.53 _bCHU |
| 100 | 1 |
_aChurchill, Winston, _d1874-1965, _eauthor. |
|
| 245 | 1 | 4 |
_aThe Second World War. _nvolume 1, _pThe gathering storm / _cWinston S. Churchill. |
| 246 | 3 | 0 | _aGathering storm |
| 264 | 1 |
_aLondon : _bCassell and Co. Ltd, _c1948. |
|
| 300 |
_axv, 640 pages : _bmaps ; _c20 cm |
||
| 336 |
_2rdacontent _atext _btxt |
||
| 337 |
_2rdamedia _aunmediated _bn |
||
| 338 |
_2rdacarrier _avolume _bnc |
||
| 650 | 7 |
_aWorld War, 1939-1945. _2BUEsh |
|
| 653 |
_bGGEN _cJuly2022 |
||
| 655 |
_vReading book _934232 |
||
| 942 |
_2ddc _cBB |
||
| 999 |
_c29903 _d29874 |
||